00727 2200253 4500001002100000005001500021035002000036007000300056008004100059020001500100082001400115084002000129100003200149245005900181250000600240300005300246650002200299264003200321336002100353337003000374338002300404246003500427990001100462INLIS00000000002351320251121100729 a0010-1125000146ta251121 d 0 eng  a0753403110 aR.032.022 aR.032.022 JEN c0 aJennifer JusticeePengarang1 aChildren's Encyclopedia 7 :bThe Grolier /cKingfisher aX a289 - 336 halaman :bIlustrasi [Warna] ;c24 cm. 4aEnsiklopedia Anak aLondon :bKingfisher,c2004 2rdacontentaTeks 2rdamediaaTanpa Perantara 2rdacarrieraLembar a7 (North America - Revolution) a017817